Normal view
MARC view
Entry Personal Name
001 - CONTROL NUMBER
- control field: 34469
003 - CONTROL NUMBER IDENTIFIER
- control field: ARRUPE
005 - DATE AND TIME OF LATEST TRANSACTION
- control field: 20170802123729.0
008 - FIXED-LENGTH DATA ELEMENTS
- fixed length control field: 170802|| aca||aabn | a|a d
040 ## - CATALOGING SOURCE
- Original cataloging agency: ARRUPE
- Transcribing agency: ARRUPE
100 ## - HEADING--PERSONAL NAME
- Personal name: Rosenberg, Jay F.,
- Relator term: comp.
670 ## - SOURCE DATA FOUND
- Source citation: Work cat.: (ARRUPE)32999: Rosenberg, Jay F., comp., Readings in the philosophy of language,, [1971]